01737njm a2200337Ia 450000100060000000300090000600500170001500800410003204000130007304000130008610000110009910000180011010000380012824500440016625000110021026000110022126000450023230000100027730000290028750000500031650502290036651100660059565000510066170000950071270000970080770000860090470001210099070001000111170000880121170001000129923795IT-RoPAU20220918181201.0131025s9999 xx 000 0 und d aIT-RoPAU cIT-RoPAU aAA.VV. eAutore musica gCodice autore musica SPICS: 12000 aOverture (K.H. Adler)-Lp Decca Sxl 6909 a2a ed. aLONDON bDECCA RECORD COMPANYc1980 [1a Ed.:1978] aDISCO c55 minuti (Testo: pag.) aMusica classica. Musica operistica. Overture. aDer Tempelritter: overture ((9:00) - Die Gezeichneten: overture (12:00) - Corregidor: overture (6:00) - Intermezzo Before Act II of "Die Drei Pintos" (6:00) - Merlin: overture (13:00) - Francesca Von Rimini: overture (12:00) aNational Philharmonic Orchestra diretta da Adler Kurt Herbert aOUVERTURE [DISCHI]eCodice MATERIA SPICS: 9950 aNicolai OttodCodice autore musica SPICS: 13790eAutore musicapDer Tempelritter: overture aSchreker FranzdCodice autore musica SPICS: 13813eAutore musicapDie Gezeichneten: overture aWolf HugodCodice autore musica SPICS: 13814eAutore musicapCorregidor: overture aWeber (Von) Carl M.dCodice autore musica SPICS: 10693eAutore musicapIntermezzo Before Act II of "Die Drei Pintos" aMahler GustavdCodice autore SPICS: 4334eAutorepIntermezzo Before Act II of "Die Drei Pintos" aGoldmark KarolydCodice autore musica SPICS: 13815eAutore musicapMerlin: overture aGoetz HermanndCodice autore musica SPICS: 13816eAutore musicapFrancesca Von Rimini: overture